Normal view
MARC view
Entry Personal Name
001 - CONTROL NUMBER
- control field: 762440
003 - CONTROL NUMBER IDENTIFIER
- control field: OSt
005 - DATE AND TIME OF LATEST TRANSACTION
- control field: 20250508152816.0
008 - FIXED-LENGTH DATA ELEMENTS
- fixed length control field: 250508|| aca||aabn | a|a d
040 ## - CATALOGING SOURCE
- Original cataloging agency: OSt
- Transcribing agency: OSt
100 ## - HEADING--PERSONAL NAME
- Personal name: Sinhal Madan Gopal
670 ## - SOURCE DATA FOUND
- Source citation: Work cat.: (OSt)1338883: Sinhal Madan Gopal, Krantikari balak : Bharat ki swatantrata ke liye fansi ke doori chumane wale balko ki gathe, 1958
